<?xml version="1.0" encoding="UTF-8"?>
<record
    xmlns:xsi="http://www.w3.org/2001/XMLSchema-instance"
    xsi:schemaLocation="http://www.loc.gov/MARC21/slim http://www.loc.gov/standards/marcxml/schema/MARC21slim.xsd"
    xmlns="http://www.loc.gov/MARC21/slim">

  <leader>00706nam a22001337a 4500</leader>
  <datafield tag="999" ind1=" " ind2=" ">
    <subfield code="c">533813</subfield>
    <subfield code="d">533813</subfield>
  </datafield>
  <controlfield tag="008">260630b           ||||| |||| 00| 0 eng d</controlfield>
  <datafield tag="100" ind1=" " ind2=" ">
    <subfield code="a">Khan, Md. Farijuddin   </subfield>
    <subfield code="9">61445</subfield>
  </datafield>
  <datafield tag="245" ind1=" " ind2=" ">
    <subfield code="a">Japan&#x2019;s role in Myanmar crisis </subfield>
  </datafield>
  <datafield tag="260" ind1=" " ind2=" ">
    <subfield code="a">Third Concept  </subfield>
  </datafield>
  <datafield tag="300" ind1=" " ind2=" ">
    <subfield code="a">40(472), Jun, 2026: p.12-16  </subfield>
  </datafield>
  <datafield tag="520" ind1=" " ind2=" ">
    <subfield code="a">This article examines Japan&#x2019;s evolving strategy in Myanmar amid rising Chinese influence and ongoing internal conflict following the 2021 coup. Contrasting with western stations. Japan maintains economic ties and humanitarian aid, leveraging historical and diplomatic relationships to balance democratic values, with regional interest. &#x2013; Reproduced </subfield>
  </datafield>
  <datafield tag="773" ind1=" " ind2=" ">
    <subfield code="a">Third Concept  </subfield>
  </datafield>
  <datafield tag="942" ind1=" " ind2=" ">
    <subfield code="c">AR</subfield>
  </datafield>
  <datafield tag="952" ind1=" " ind2=" ">
    <subfield code="0">0</subfield>
    <subfield code="1">0</subfield>
    <subfield code="2">ddc</subfield>
    <subfield code="4">0</subfield>
    <subfield code="7">0</subfield>
    <subfield code="9">408993</subfield>
    <subfield code="a">IIPA</subfield>
    <subfield code="b">IIPA</subfield>
    <subfield code="d">2026-06-30</subfield>
    <subfield code="h">40(472), Jun, 2026: p.12-16  </subfield>
    <subfield code="p">AR139275</subfield>
    <subfield code="r">2026-06-30</subfield>
    <subfield code="y">AR</subfield>
  </datafield>
</record>
